Loading...
| Fine Arts - Auditory Fine Arts | 0 | 9 | 1 | 1 | 85 | 79 | 121.56 | 2 | 7 |
| History - American History | 0 | 5 | 0 | 1 | 50 | 87 | 105.80 | 1 | 4 |
| Geography | 2 | 1 | 0 | 1 | 40 | 54 | 94.00 | 1 | 3 |
| Social Science | 0 | 3 | 0 | 1 | 30 | 75 | 103.33 | 1 | 3 |
| Fine Arts - Visual Fine Arts | 0 | 3 | 1 | 0 | 25 | 127 | 133.67 | 0 | 3 |
| Literature - American Literature | 0 | 2 | 0 | 0 | 20 | 122 | 134.00 | 1 | 1 |
| History - World History | 0 | 2 | 0 | 1 | 20 | 91 | 111.00 | 0 | 1 |
| Other Academic | 0 | 2 | 0 | 1 | 20 | 92 | 118.00 | 0 | 0 |
| Religion | 0 | 2 | 0 | 0 | 20 | 74 | 94.50 | 2 | 2 |
| History - European History | 0 | 1 | 0 | 1 | 10 | 139 | 139.00 | 0 | 1 |
| Current Events | 0 | 1 | 0 | 0 | 10 | 91 | 91.00 | 1 | 1 |
| Science - Physics | 0 | 1 | 0 | 0 | 10 | 103 | 103.00 | 0 | 1 |
| Literature - European Literature | 0 | 1 | 0 | 0 | 10 | 102 | 102.00 | 0 | 1 |
| History - Ancient History | 0 | 1 | 1 | 0 | 5 | 145 | 145.00 | 0 | 0 |
| Science - Other Science | 0 | 1 | 1 | 1 | 5 | 124 | 124.00 | 0 | 0 |
| Mythology | 0 | 0 | 1 | 0 | -5 | 0.00 | 0 | 0 |